Human Resource Management / (Record no. 540715)

000 -LEADER
fixed length control field 00643nam a22001697a 4500
020 ## - INTERNATIONAL STANDARD BOOK NUMBER
Qualifying information Hard Cover.
082 ## - DEWEY DECIMAL CLASSIFICATION NUMBER
Classification number 005
100 ## - MAIN ENTRY--PERSONAL NAME
Personal name Muntaha, Marium ; Najam, Maleeha ; Sultan, Shizra ; Tahir, anam ; Delawar, Ijlal and Malik Javaria
245 ## - TITLE STATEMENT
Title Human Resource Management /
Statement of responsibility, etc. Marium Muntaha and Maleeha Najam.
260 ## - PUBLICATION, DISTRIBUTION, ETC.
Place of publication, distribution, etc. Islamabad:
Name of publisher, distributor, etc. SEECS - NUST,
Date of publication, distribution, etc. 2010.
300 ## - PHYSICAL DESCRIPTION
Extent
Other physical details ill. ;
Dimensions 30cm.
650 ## - SUBJECT ADDED ENTRY--TOPICAL TERM
Topical term or geographic name entry element Human Resource Management-BS- Project Report
700 ## - ADDED ENTRY--PERSONAL NAME
Personal name Muhammad Yousaf.
856 ## - Uniform Resource Identifier
Uniform Resource Identifier <a href="http://10.250.8.41:8080/xmlui/handle/123456789/29673">http://10.250.8.41:8080/xmlui/handle/123456789/29673</a>
942 ## - ADDED ENTRY ELEMENTS (KOHA)
Source of classification or shelving scheme
Koha item type Project Report
650 ## - SUBJECT ADDED ENTRY--TOPICAL TERM
-- 34877
700 ## - ADDED ENTRY--PERSONAL NAME
-- 15771
Holdings
Withdrawn status Lost status Source of classification or shelving scheme Damaged status Not for loan Permanent Location Current Location Shelving location Date acquired Full call number Barcode Date last seen Price effective from Koha item type
WITHDRAWN         Central Library (CL) Central Library (CL) Thesis 11/04/2020 005 CL-BP-657 11/04/2020 11/04/2020 Thesis
© 2023 Central Library, National University of Sciences and Technology. All Rights Reserved.